Statistics for Lana Del Rey - Blue Banisters Lyrics

Click here to take the quiz!

General Stats

  • This quiz has been taken 16 times
  • The average score is 283 of 358

Answer Stats

Answer% Correct
"A
100%
a
100%
be
100%
by
100%
did
100%
get
100%
heal
100%
hell
100%
"How
100%
I
100%
Jenny
100%
John
100%
me
100%
of
100%
Of
100%
Oh
100%
oh
100%
oh)
100%
(Oh
100%
Oklahoma
100%
on
100%
picture
100%
Said
100%
said
100%
the
100%
The
100%
There
100%
there?"
100%
there's
100%
There's
100%
wall
100%
You
100%
"You
100%
you
100%
banisters
92%
beer
92%
blue
92%
Blue
92%
handed
92%
in
92%
men
92%
my
92%
My
92%
pool
92%
She
92%
was
92%
We
92%
where
92%
who
92%
With
92%
with
92%
And
83%
and
83%
back
83%
can
83%
come
83%
don't
83%
Every
83%
every
83%
gray
83%
green
83%
happy
83%
happy"
83%
help
83%
into
83%
jumped
83%
Just
83%
pain
83%
paint
83%
place
83%
poetry
83%
remember"
83%
Russian
83%
swimmin'
83%
that
83%
to
83%
To
83%
were
83%
when
83%
women
83%
asked
75%
can't
75%
Deere
75%
flowers
75%
here
75%
if
75%
it
75%
It's
75%
it's
75%
Lane
75%
legacy
75%
man
75%
May
75%
Nikki
75%
real
75%
scared
75%
that's
75%
too
75%
want
75%
anything
67%
But
67%
'cause
67%
'Cause
67%
comes
67%
dresser
67%
dry
67%
from
67%
heart
67%
he'd
67%
He's
67%
he's
67%
I'd
67%
I'm
67%
"Most
67%
not
67%
past
67%
power
67%
right
67%
sisters
67%
Sittin'
67%
smokin'
67%
Summer
67%
us
67%
woman
67%
absolutely
58%
ah
58%
All
58%
are
58%
away
58%
baby
58%
birthday
58%
bring
58%
cake
58%
children
58%
diamonds
58%
enough
58%
Except
58%
goes
58%
Heaven
58%
hole
58%
knows
58%
makin'
58%
Mm
58%
mm
58%
muse
58%
now
58%
Now
58%
rain
58%
sleep
58%
Spring
58%
take
58%
They're
58%
they're
58%
thing
58%
three
58%
touch
58%
turns
58%
washes
58%
way
58%
weather
58%
wish
58%
would
58%
blacken
50%
Clarita
50%
darkest
50%
fix
50%
fly
50%
Give
50%
God
50%
good
50%
heat
50%
job
50%
met
50%
okay
50%
one
50%
our
50%
pages
50%
Santa
50%
shinin'
50%
skip
50%
still
50%
Tex
50%
time
50%
try
50%
winter
50%
writin'
50%
Bay
42%
Chucky's
42%
Convincin'
42%
doin'
42%
Fires
42%
lightning
42%
Mex
42%
nights
42%
bare
33%
Chickens
33%
feet
33%
runnin'
33%
rust
33%
weathervane
33%
bane"
25%

Score Distribution

Percentile by Number Answered

Percent of People with Each Score

Your Score History

You have not taken this quiz